000 00382nam a2200145Ia 4500
008 100122s9999 xx 000 0 und d
082 _b66452
_a823.08
100 _aगजेंद्रगडकर मोनिका
245 _aभूप
260 _bमौज प्रकाशन
_c2004
300 _a152
630 _aभूप
730 _aभूप
942 _cBOOK
999 _c438983
_d438980